000 00546nam a2200205Ia 4500
005 20221230130203.0
008 131103s9999 xx 000 0 und d
040 _aLoreto College
041 _aEnglish
082 _a822.09
_bBRI
100 _aBridges-Adam, W.
245 4 _aThe irresistible theatre
_cW. Bridges-Adam
260 _aLondon
_bSecker
_c1957
300 _axiv,240 p.
_b ill.
504 _aVol.1 From the conquest to the commonwealth
650 _aEnglish Drama
651 _aDrama - Criticism
850 _aLCLIB
942 _cBK
999 _c6663
_d57142